Inventing Origins? Aetiological Thinking in Greek and Roman Antiquity /
Aetiologies seem to gratify the human desire to understand the origin of a phenomenon. However, as this book demonstrates, aetiologies do not exclusively explore origins. Rather, in inventing origin stories they authorise the present and try to shape the future. This book explores aetiology as a too...
مؤلفون آخرون: ,
التنسيق: كتاب الكتروني
اللغة: English
منشور في:
Leiden; Boston :
BRILL,
2022.
سلاسل:
Euhormos: Greco-Roman Studies in Anchoring Innovation ;
2.
الموضوعات:
الوصول للمادة أونلاين: Login to view Source
الوسوم: إضافة وسم
رقم الطلب: LA71
| LEADER | 02332nam a22004698i 4500 | ||
|---|---|---|---|
| 001 | BRILL9789004500433 | ||
| 003 | nllekb | ||
| 005 | 20230529211711.0 | ||
| 006 | m d | ||
| 007 | cr un uuuua | ||
| 008 | 200716s2022 ne sb 001 0 eng d | ||
| 020 | |a 9789004500433 |q (electronic book) | ||
| 020 | |a 9789004500143 |q (print) | ||
| 024 | 7 | |a 10.1163/9789004500433 |2 DOI | |
| 035 | |z (OCoLC)1259585156 | ||
| 040 | |a NL-LeKB |c NL-LeKB |e rda | ||
| 050 | 4 | |a LA71 | |
| 072 | 7 | |a DSBB |2 bicssc | |
| 072 | 7 | |a LIT |x 004190 | |
| 072 | 7 | |a LIT |x 011000 | |
| 082 | 0 | 4 | |a 370.938 |2 23 |
| 245 | 0 | 0 | |a Inventing Origins? Aetiological Thinking in Greek and Roman Antiquity / |c edited by Antje Wessels, Jacqueline Klooster. |
| 264 | 1 | |a Leiden; |a Boston : |b BRILL, |c 2022. | |
| 300 | |a 1 online resource. | ||
| 336 | |a text |b txt |2 rdacontent | ||
| 337 | |a computer |b c |2 rdamedia | ||
| 338 | |a online resource |2 rdacarrier | ||
| 490 | 1 | |a Euhormos: Greco-Roman Studies in Anchoring Innovation ; |v 2 | |
| 504 | |a Includes bibliographical references and index. | ||
| 520 | |a Aetiologies seem to gratify the human desire to understand the origin of a phenomenon. However, as this book demonstrates, aetiologies do not exclusively explore origins. Rather, in inventing origin stories they authorise the present and try to shape the future. This book explores aetiology as a tool for thinking, and draws attention to the paradoxical structure of origin stories. Aetiologies reduce complex ambivalence and plurality to plainly causal and temporal relations, but at the same time, by casting an anchor into the past, they open doors to progress and innovation. | ||
| 559 | 4 | |a LA71 | |
| 588 | |a Description based on print version record. | ||
| 650 | 0 | |a Education, Ancient. | |
| 650 | 0 | |a Education, Greek. | |
| 700 | 1 | |a Wessels, Antje, |e editor. | |
| 700 | 1 | |a Klooster, Jacqueline, |e editor. | |
| 776 | 0 | 8 | |i Print version: |t Inventing Origins? Aetiological Thinking in Greek and Roman Antiquity. |d Leiden ; Boston : BRILL, 2022 |z 9789004500143 |
| 830 | 0 | |a Euhormos: Greco-Roman Studies in Anchoring Innovation ; |v 2. | |
| 856 | 4 | |z DOI: |u http://dx.doi.org/10.1163/9789004500433 | |
| 942 | |2 lcc |c EBOOK | ||
| 952 | |0 0 |1 0 |2 lcc |4 0 |6 LA0071 |7 1 |9 48480 |a BRILL |b BRILL |d 2023-05-29 |l 0 |o LA71 |r 2023-05-29 00:00:00 |w 2023-05-29 |y EBOOK | ||
| 999 | |c 53824 |d 53824 | ||
